00543nam a2200169Ia 4500020001000000082001300010100003300023245005300056260003700109300001600146526003700162650002500199650001300224942001200237999001900249952010500268 a(pbk) a297bHAS aHassan, Hussain Hamid937224 aThe Foundation of authority in the Islamic state aIslamabad:bDawah Academy,c1989 a41p.c22cm. a0b0c0d297_000000000000000_HAS aIslam and State9292 aMCE9379 2ddccBK c550332d550332 00102ddc4070aMCEbMCEd2014-10-30l2o297 HASpMCE-44079r2016-03-04s2016-03-04w2014-10-30yBK